000 00352nam a2200145Ia 4500
008 221030s9999 xx 000 0 und d
041 _aEnglish
082 _a105.23
_bPra
100 _aI. B. Prasad
245 0 _aApplied Mechanics & Strength of Materials
260 _bKhanna Pub.
_aDelhi
_c1991
300 _a437
650 _aMechanical
942 _cBK
999 _c1420
_d1420